| 000 | 00442nam a22001457a 4500 | ||
|---|---|---|---|
| 008 | 150311b xxu||||| |||| 00| 0 eng d | ||
| 050 | _aPF3112.5.S883 | ||
| 100 |
_aStopp, F.J. _916190 |
||
| 245 |
_aA manual of modern German _c/by Fredrick J. Stopp |
||
| 250 | _a2nd ed. | ||
| 260 |
_aLondon _bUniversity Tutorial Press _c1960 |
||
| 300 |
_axiii, 619p. ; _c22cm. |
||
| 650 |
_aGerman language _xGrammar _y1870 _916191 |
||
| 942 |
_2lcc _cMONOGRAPH |
||
| 999 |
_c122399 _d122399 |
||